Europe reconsidered: perceptions of the West in nineteenth-century Bengal (Record no. 2899)

MARC details
000 -LEADER
fixed length control field 00661nam a2200205Ia 4500
020 ## - INTERNATIONAL STANDARD BOOK NUMBER
ISBN 019-566-1095
082 ## - DEWEY DECIMAL CLASSIFICATION NUMBER
Classification number 923.254 RAY-;
100 ## - MAIN ENTRY--AUTHOR NAME
Personal name Raychaudhuri, Tapan
245 #0 - TITLE STATEMENT
Title Europe reconsidered: perceptions of the West in nineteenth-century Bengal
250 ## - EDITION STATEMENT
Edition statement 2nd
260 ## - PUBLICATION, DISTRIBUTION, ETC. (IMPRINT)
Place of publication New Delhi
Name of publisher Oxford University Press
Year of publication 1988
300 ## - PHYSICAL DESCRIPTION
Number of Pages xxix, 387p.
504 ## - BIBLIOGRAPHY, ETC. NOTE
Bibliography, etc Includes index, bibliography
650 ## - SUBJECT ADDED ENTRY--TOPICAL TERM
Topical Term Mukhopadhyay, Bhudev (1827-1894) - Biography
650 ## - SUBJECT ADDED ENTRY--TOPICAL TERM
Topical Term Social reformers - India
650 ## - SUBJECT ADDED ENTRY--TOPICAL TERM
Topical Term Politicians - India
650 ## - SUBJECT ADDED ENTRY--TOPICAL TERM
Topical Term Vivekananda, Swami - Biography
650 ## - SUBJECT ADDED ENTRY--TOPICAL TERM
Topical Term Chattopadhyay, Bakim Chandra (1838-1894) - Biography
942 ## - ADDED ENTRY ELEMENTS (KOHA)
Koha item type Books
Holdings
Withdrawn status Lost status Damaged status Not for loan Home library Current library Date acquired Bill Date Full call number Accession Number Price effective from Koha item type
        NASSDOC Library NASSDOC Library 08/06/2004 2004-10-05 923.254 RAY-; 38762 18/04/2019 Books